| 000 | 00575nam a2200181 a 4500 | ||
|---|---|---|---|
| 005 | 20240924064332.0 | ||
| 008 | 991125s1968 fr 000 0 eng u | ||
| 035 | _aUPN01000018547 | ||
| 049 | _aF | ||
| 050 | 4 |
_aLB2806 _bC8.4 |
|
| 100 | 1 |
_aCurle, Adam, _d1916-2006 _931297 |
|
| 245 | 1 | 0 |
_aEducational planning the adviser's role / _cAdam Curle. |
| 260 |
_aParís : _bUNESCO. International Institute for Educational Planning, _c1968. |
||
| 300 | _a28 p. | ||
| 440 | 0 |
_aFundamentals of educational planning ; _v8 |
|
| 650 | 4 |
_aEducación _xPlanificación _91146 |
|
| 905 | _aLibro | ||
| 999 |
_c18547 _d18547 |
||